<?xml version="1.0" encoding="UTF-8"?>
<record
    xmlns:xsi="http://www.w3.org/2001/XMLSchema-instance"
    xsi:schemaLocation="http://www.loc.gov/MARC21/slim http://www.loc.gov/standards/marcxml/schema/MARC21slim.xsd"
    xmlns="http://www.loc.gov/MARC21/slim">

  <leader>02647njm a2200445Ia 4500</leader>
  <controlfield tag="001">20759</controlfield>
  <controlfield tag="003">IT-RoPAU</controlfield>
  <controlfield tag="005">20220918181125.0</controlfield>
  <controlfield tag="008">131025s9999    xx            000 0 und d</controlfield>
  <datafield tag="040" ind1=" " ind2=" ">
    <subfield code="a">IT-RoPAU</subfield>
  </datafield>
  <datafield tag="040" ind1=" " ind2=" ">
    <subfield code="c">IT-RoPAU</subfield>
  </datafield>
  <datafield tag="041" ind1=" " ind2=" ">
    <subfield code="a">ITALIANO</subfield>
  </datafield>
  <datafield tag="999" ind1=" " ind2=" ">
    <subfield code="c">100118</subfield>
    <subfield code="d">100118</subfield>
  </datafield>
  <datafield tag="999" ind1=" " ind2=" ">
    <subfield code="b">n.d.</subfield>
  </datafield>
  <datafield tag="100" ind1=" " ind2=" ">
    <subfield code="a">AA.VV.</subfield>
    <subfield code="9">794</subfield>
  </datafield>
  <datafield tag="100" ind1=" " ind2=" ">
    <subfield code="e">Autore musica</subfield>
    <subfield code="9">2989</subfield>
  </datafield>
  <datafield tag="100" ind1=" " ind2=" ">
    <subfield code="g">Codice autore musica SPICS: 12000</subfield>
    <subfield code="9">796</subfield>
  </datafield>
  <datafield tag="245" ind1=" " ind2=" ">
    <subfield code="a">Tenori (I)-Disco</subfield>
  </datafield>
  <datafield tag="250" ind1=" " ind2=" ">
    <subfield code="a">2a ed.</subfield>
  </datafield>
  <datafield tag="260" ind1=" " ind2=" ">
    <subfield code="a">MILANO</subfield>
  </datafield>
  <datafield tag="260" ind1=" " ind2=" ">
    <subfield code="b">FRATELLI FABBRI EDITORI</subfield>
    <subfield code="c">1982 [1a Ed.:1970]</subfield>
  </datafield>
  <datafield tag="300" ind1=" " ind2=" ">
    <subfield code="a">DISCO</subfield>
  </datafield>
  <datafield tag="300" ind1=" " ind2=" ">
    <subfield code="c">25 minuti (Testo:  pag.)</subfield>
  </datafield>
  <datafield tag="500" ind1=" " ind2=" ">
    <subfield code="a">La canzone italiana. I divi degli anni '30. Felicit&#xE0;, amore, sfortuna, ritorno, miliardi non felicit&#xE0;, felicit&#xE0; primo amore, amore sfortunato.</subfield>
  </datafield>
  <datafield tag="505" ind1=" " ind2=" ">
    <subfield code="a">Voglio vivere cos&#xEC; [(D'Anzi/Manlio-F.Tagliavini) (3:00)] - Tu non mi lascerai [(D'Anzi/Galdieri-F.Tagliavini) (4:00)] - Ho messo il cuore nei pasticci [(D'Anzi/Panzeri-Tagliavini) (3:00)] - Malinconia d'amore [(D'Anzi-Tagliavini F.) (4:00)] - Mamma [(Bixio/Cherubini-B.Gigli) (4:00)] - Miliardi che follia [(Di Lazzaro/Dole-G.Lugo) (3:00)] - Cavallino corri e va [(Di Lazzaro/Bruno-G.Lugo) (4:00)] - Io non posso cantare alla luna [(Bixio/Nisa-Lugo) (4:00)]</subfield>
  </datafield>
  <datafield tag="511" ind1=" " ind2=" ">
    <subfield code="a">Tagliavini Ferruccio</subfield>
  </datafield>
  <datafield tag="511" ind1=" " ind2=" ">
    <subfield code="a">Gigli Beniamino</subfield>
  </datafield>
  <datafield tag="511" ind1=" " ind2=" ">
    <subfield code="a">Lugo Giuseppe</subfield>
  </datafield>
  <datafield tag="650" ind1=" " ind2=" ">
    <subfield code="a">CANZONE ITALIAN [DISCHI]</subfield>
    <subfield code="e">Codice MATERIA SPICS: 9950</subfield>
    <subfield code="9">2990</subfield>
  </datafield>
  <datafield tag="700" ind1=" " ind2=" ">
    <subfield code="a">Manlio Tito</subfield>
    <subfield code="d">Codice autore musica SPICS: 13497</subfield>
    <subfield code="e">Autore musica</subfield>
    <subfield code="9">2991</subfield>
  </datafield>
  <datafield tag="700" ind1=" " ind2=" ">
    <subfield code="a">D'Anzi Giovanni</subfield>
    <subfield code="d">Codice autore testo/musica SPICS: 13458</subfield>
    <subfield code="e">Autore testo/musica</subfield>
    <subfield code="p">Voglio vivere cos&#xEC; - Tu non mi lascerai - Ho messo il cuore nei pasticci - Malinconia d'amore</subfield>
    <subfield code="9">2992</subfield>
  </datafield>
  <datafield tag="700" ind1=" " ind2=" ">
    <subfield code="a">Galdieri Michele</subfield>
    <subfield code="d">Codice autore musica SPICS: 13370</subfield>
    <subfield code="e">Autore musica</subfield>
    <subfield code="p">Tu non mi lascerai</subfield>
    <subfield code="9">2993</subfield>
  </datafield>
  <datafield tag="700" ind1=" " ind2=" ">
    <subfield code="a">Panzeri Mario</subfield>
    <subfield code="d">Codice autore musica SPICS: 13372</subfield>
    <subfield code="e">Autore musica</subfield>
    <subfield code="p">Ho messo il cuore nei pasticci</subfield>
    <subfield code="9">2994</subfield>
  </datafield>
  <datafield tag="700" ind1=" " ind2=" ">
    <subfield code="a">Cherubini Bixio</subfield>
    <subfield code="d">Codice autore musica SPICS: 13442</subfield>
    <subfield code="e">Autore musica</subfield>
    <subfield code="p">Mamma</subfield>
    <subfield code="9">2995</subfield>
  </datafield>
  <datafield tag="700" ind1=" " ind2=" ">
    <subfield code="a">Bixio Cesare Andrea</subfield>
    <subfield code="d">Codice autore testo/musica SPICS: 13441</subfield>
    <subfield code="e">Autore testo/musica</subfield>
    <subfield code="p">Mamma - Io non posso cantare alla luna</subfield>
    <subfield code="9">2996</subfield>
  </datafield>
  <datafield tag="700" ind1=" " ind2=" ">
    <subfield code="a">Dole</subfield>
    <subfield code="d">Codice autore musica SPICS: 13501</subfield>
    <subfield code="e">Autore musica</subfield>
    <subfield code="p">Miliardi che follia</subfield>
    <subfield code="9">2997</subfield>
  </datafield>
  <datafield tag="700" ind1=" " ind2=" ">
    <subfield code="a">Di Lazzaro Eldo</subfield>
    <subfield code="d">Codice autore testo/musica SPICS: 13500</subfield>
    <subfield code="e">Autore testo/musica</subfield>
    <subfield code="p">Miliardi che follia - Cavallino corri e va</subfield>
    <subfield code="9">2998</subfield>
  </datafield>
  <datafield tag="700" ind1=" " ind2=" ">
    <subfield code="a">Bruno C.</subfield>
    <subfield code="d">Codice autore musica SPICS: 13502</subfield>
    <subfield code="e">Autore musica</subfield>
    <subfield code="p">Cavallino corri e va</subfield>
    <subfield code="9">2999</subfield>
  </datafield>
  <datafield tag="700" ind1=" " ind2=" ">
    <subfield code="a">Nisa (Salerno Nicola)</subfield>
    <subfield code="d">Codice autore musica SPICS: 13452</subfield>
    <subfield code="e">Autore musica</subfield>
    <subfield code="p">Io non posso cantare alla luna</subfield>
    <subfield code="9">3000</subfield>
  </datafield>
  <datafield tag="942" ind1=" " ind2=" ">
    <subfield code="c">MD</subfield>
    <subfield code="2">ddc</subfield>
  </datafield>
  <datafield tag="952" ind1=" " ind2=" ">
    <subfield code="0">0</subfield>
    <subfield code="1">0</subfield>
    <subfield code="4">0</subfield>
    <subfield code="6">20759_000000000000000</subfield>
    <subfield code="7">1</subfield>
    <subfield code="a">SPICS</subfield>
    <subfield code="b">SPICS</subfield>
    <subfield code="d">2013-10-25</subfield>
    <subfield code="l">0</subfield>
    <subfield code="o">20759</subfield>
    <subfield code="r">2013-10-25 00:00:00</subfield>
    <subfield code="w">2013-10-25</subfield>
    <subfield code="y">MD</subfield>
    <subfield code="z">Progr. Ins.: 4062 / N.Vol.: 1 / Copie: 1 - Copia rara: n.d. / date import: 01.01.2014 - By Epidotti, Trombetti, Vaglietti</subfield>
  </datafield>
</record>
